00728nam a2200193Ia 4500003000900000008004100009020001700050040001600067080002100083100001900104111003900123245022400162260004200386300001600428650004100444650002300485650001800508650000800526IN-BaIIA211028s9999 xx 000 0 eng d a90-277-02667 cIIA Library a082.2:52bIAU-56 aAthay, Grant R n56thcOld Australiad1973 Sep. 3-7 0aChromospheric Fine Structurebproceedings of the Symposium no.56 on chromospheric fine structure, held in Suffers Parachiee, Old Australia 3-7 Sept.ember 1973cGrant R Athay  aDordrechtbD. Reidel Publishingc1974 axvii, 307p. aAstronomy and Astrophysics Thesaurus aSolar Chromosphere aSolar Physics aSun